Logo BPK

Biblioteka

Politechniki Koszalińskiej

Big Blue : (Rekord nr 37310)

Szczegóły MARC
000 -ETYKIETA REKORDU
podpole kontrolne o stałej długości 01117nam a2200277 i 4500
001 - NUMER KONTROLNY REKORDU
pole kontrolne bg
020 ## - MIĘDZYNARODOWY ZNORMALIZOWANY NUMER KSIĄŻKI - ISBN
ISBN 8391147533
040 ## - ŹRÓDŁO KATALOGOWANIA
Instytucja, która utworzyła rekord BPK
041 1# - KOD JĘZYKA
Kod języka tekstu pl
Kod języka oryginału en
080 ## - UNIWERSALNA KLASYFIKACJA DZIESIĘTNA - UKD
UKD 658.1/.5.012.4:004:334.75](73)"1989/..."
920 ## - Międzynarodowy znormalizowany numer książki – ISBN
ISBN 83-911475-3-3
008 - POLE O STAŁEJ DŁUGOŚCI - DANE KONTROLNE
podpole kontrolne o stałej długości s pl f |000 0 pol
100 1# - NAZWA OSOBOWA
Nazwa osobowa SLATER, Robert
Daty związane z nazwą (1943- )
245 10 - TYTUŁ/ODPOWIEDZIALNOŚĆ
Tytuł Big Blue :
Ciąg dalszy tytułu lekcje przywództwa i taktyka uzdrawiania przedsiębiorstw Lou Gerstnera Prezesa i Dyrektora Generalnego IBM /
Pozostałe elementy strefy tytułu i oznaczenia odpowiedzialności Robert Slater ; [tł. Ryszard Kalamarz].
246 ## - WARIANT TYTUŁU
Treść wyrażenia wprowadzającego Tyt. oryg.:
Tytuł Saving Big Blue : leadership lessons and turnaround tactics of IBM's Lou Gerstner
260 ## - STREFA ADRESU WYDAWNICZEGO
Miejsce wydania Kraków :
Nazwa wydawcy/dystrybutora "IFC Press",
Data publikacji, dystrybucji/powstania dokumentu 2000.
300 ## - STREFA OPISU FIZYCZNEGO
Objętość 149 s. ;
Rozmiary 24 cm.
500 ## - UWAGI OGÓLNE
Tekst uwagi Tyt. oryg.: "Saving Big Blue : leadership lessons and turnaround tactics of IBM's Lou Gerstner" 1999.
504 ## - UWAGA DOTYCZĄCA BIBLIOGRAFII
Informacje o bibliografii Indeks.
600 19 - HASŁO PRZEDMIOTOWE W FORMIE NAZWY OSOBOWEJ
Nazwa osobowa Gerstner, Lou (1942- )
610 29 - HASŁO PRZEDMIOTOWE W FORMIE NAZWY CIAŁA ZBIOROWEGO
Nazwa ciała zbiorowego lub nazwa geograficzna IBM
Określnik chronologiczny od 1989 r.
650 #9 - HASŁO PRZEDMIOTOWE W FORMIE NAZWY OGÓLNEJ LUB JEDNOSTKOWEJ
Nazwa ogólna lub geograficzna Komputery
Określnik ogólny przemysł
Określnik geograficzny Stany Zjednoczone
Określnik chronologiczny od 1989 r.
650 #9 - HASŁO PRZEDMIOTOWE W FORMIE NAZWY OGÓLNEJ LUB JEDNOSTKOWEJ
Nazwa ogólna lub geograficzna Monopole
Określnik geograficzny Stany Zjednoczone
Określnik chronologiczny od 1989 r.
650 #9 - HASŁO PRZEDMIOTOWE W FORMIE NAZWY OGÓLNEJ LUB JEDNOSTKOWEJ
Nazwa ogólna lub geograficzna Zarządzanie
Określnik ogólny metody
Określnik geograficzny Stany Zjednoczone
Określnik chronologiczny od 1989 r.
942 ## - DODATKOWE ELEMENTY (KOHA)
Typ dokumentu Książka
Egzemplarze
Wycofany Status egzemplarza Uszkodzony Dostępność Lokalizacja stała Lokalizacja bieżąca Miejsce przechowywania Sygnatura Kod kreskowy Dział Typ dokumentu
      Tylko na miejscu Biblioteka Politechniki Koszalińskiej Biblioteka Politechniki Koszalińskiej Czytelnia Wydziałowa ul. Kwiatkowskiego 6e 53369 01497786 658.1/.5 Organizacja przedsiębiorstwa Książka
© 2023 Biblioteka Politechniki Koszalińskiej :: KOHA